Modern digital electronics (Record no. 165633)

000 -LEADER
fixed length control field 00293nam a2200109Ia 4500
008 - FIXED-LENGTH DATA ELEMENTS--GENERAL INFORMATION
fixed length control field 220217s9999||||xx |||||||||||||| ||und||
100 ## - MAIN ENTRY--PERSONAL NAME
Personal name Jain, R.P
245 #0 - TITLE STATEMENT
Title Modern digital electronics
260 ## - PUBLICATION, DISTRIBUTION, ETC.
Place of publication, distribution, etc. Tata mcgraw hill
Name of publisher, distributor, etc. New Delhi
Date of publication, distribution, etc. 1997
300 ## - PHYSICAL DESCRIPTION
Extent XV,500p.
Other physical details 170
650 ## - SUBJECT ADDED ENTRY--TOPICAL TERM
Topical term or geographic name entry element ELECTRONICS
Holdings
Withdrawn status Lost status Damaged status Not for loan Collection code Home library Current library Shelving location Date acquired Barcode Date last seen Price effective from Koha item type
        Electronics and Communication Engineering Central Library Central Library Book Cart 02/18/2022 822 02/18/2022 02/18/2022 Books

Powered by Koha